Teoría y práctica del derecho internacional público.
Tallennettuna:
| Päätekijä: | |
|---|---|
| Aineistotyyppi: | Kirja |
| Kieli: | englanti |
| Julkaistu: |
Santiago, Chile:
Jurídica de Chile,
1990.
|
| Painos: | Segunda edición. |
| Aiheet: | |
| Tagit: |
Lisää tagi
Ei tageja, Lisää ensimmäinen tagi!
|
MARC
| LEADER | 00000nam a22000007a 4500 | ||
|---|---|---|---|
| 003 | CL-VaPUC | ||
| 005 | 20250327140818.0 | ||
| 008 | 240109t1990 ||||| |||| 00| 0 eng d | ||
| 999 | |c 442932 |d 442930 | ||
| 020 | |a 956-10-0873-3 | ||
| 040 | |c Pontificia Universidad Católica de Valparaíso | ||
| 082 | |2 22 |a 341.01 LLA 1990 | ||
| 100 | |9 597896 |a Llanos Mansilla, Hugo |e autor | ||
| 245 | |a Teoría y práctica del derecho internacional público. | ||
| 250 | |a Segunda edición. | ||
| 260 | |a Santiago, Chile: |b Jurídica de Chile, |c 1990. | ||
| 300 | |a Tomo I. | ||
| 500 | |a c.1 Donación Sr. Jorge López Santa María. Memo DER N° 050. 22-12-23. | ||
| 505 | |a Tomo I: De las fuentes y de las relaciones con el derecho interno. | ||
| 583 | |c 20240109 |k Yessy Sthefany Diaz Vidal | ||
| 650 | 1 | |a Derecho internacional público |9 897666 | |
| 650 | 1 | |a Fuentes del derecho |9 255162 | |
| 650 | 1 | |a Tratados internacionales |9 256056 | |
| 942 | |2 ddc |c BK | ||
| 952 | |0 0 |1 0 |2 ddc |4 0 |6 341_010000000000000_LLA_1990 |7 0 |8 A |9 593230 |a BIBDER |b BIBDER |d 2024-01-09 |e Donación |h t.I |i 5659991 |l 4 |o 341.01 LLA 1990 |p 5659991 |r 2024-10-23 |s 2024-10-23 |t 1 |w 2024-01-09 |y BK |k DER | ||